Phenomenology : the philosophy of Edmund Husserl and its interpretation

Gespeichert in:
Bibliographische Detailangaben
1. Verfasser: Kockelmans, Joseph J.
Format: Buch
Sprache:Undetermined
Veröffentlicht: New York, Estados Unidos Anchor Books 1967
Schlagworte:
Tags: Tag hinzufügen
Keine Tags, Fügen Sie den ersten Tag hinzu!

MARC

LEADER 00000nam a2200000Ia 4500
008 170316s9999 xx 000 0 und d
090 |a 100 K-16p 
100 |a Kockelmans, Joseph J. 
245 |a Phenomenology : the philosophy of Edmund Husserl and its interpretation 
260 |a New York, Estados Unidos 
260 |b Anchor Books 
260 |c 1967 
300 |a 555 páginas 
650 |a FILOSOFÍA - ANTOLOGÍA 
999 |c 16636  |d 16636 
040 |a cru BVZT 
942 |c 15 D  |h 100 K-16p  |2 z